000 00605cab a2200205 4500
001 WB3320-18
008 090401t1997 xxu||||| |||| 00| 0 eng d
035 _a(Sirsi) u78507
041 _aeng
245 _aRent review
260 _c1997
350 _a0
490 _aEGCS
_v1997 EGCS 69(1)
520 _a"Standard Life Assurance v Unipath Ltd" CA 1 May 1997. Rent review clause intended to operate an upwards-only basis upheld on appeal.
650 _aRENT REVIEW CLAUSES
650 _aUPWARDS-ONLY
690 _aLANDLORD AND TENANT-CASE LAW-RENT REVIEWS
942 _n0
948 _c22/05/1997
999 _c49394
_d49394